Normal view
MARC view
Entry Topical Term
001 - CONTROL NUMBER
- control field: 856202
003 - CONTROL NUMBER IDENTIFIER
- control field:
005 - DATE AND TIME OF LATEST TRANSACTION
- control field: 20210627084058.0
008 - FIXED-LENGTH DATA ELEMENTS
- fixed length control field: 210627|| aca||aabn | a|a d
040 ## - CATALOGING SOURCE
- Original cataloging agency:
- Transcribing agency:
150 ## - HEADING--TOPICAL TERM
- Topical term or geographic name entry element: Spanish language
- General subdivision: Pronunciation
670 ## - SOURCE DATA FOUND
- Source citation: Work cat.: ()739218: Poesse, Walter 856199, The internal line structure of thirty autograph plays of lope de vega /, 1939
